<?xml version="1.0" encoding="UTF-8"?>
<collection xmlns="http://www.loc.gov/MARC21/slim">
  <record>
    <leader>00000nam  2200000   4500</leader>
    <controlfield tag="001">INLIS000000000017493</controlfield>
    <controlfield tag="005">20240812085308</controlfield>
    <datafield tag="035" ind1="#" ind2="#">
      <subfield code="a">0010-0824000114</subfield>
    </datafield>
    <controlfield tag="007">ta</controlfield>
    <controlfield tag="008">240812################|##########|#|##</controlfield>
    <datafield tag="100" ind1=" " ind2="#">
      <subfield code="a">Muhammad Yani</subfield>
    </datafield>
    <datafield tag="245" ind1="1" ind2="#">
      <subfield code="a">Taki Merio-Rio :</subfield>
      <subfield code="b">Desa Yang Melaksanakan Gerakan Masyarakat Bersih Korupsi Dana Desa</subfield>
    </datafield>
    <datafield tag="250" ind1="#" ind2="#">
      <subfield code="a">1</subfield>
    </datafield>
    <datafield tag="260" ind1="#" ind2="#">
      <subfield code="a">Makassar :</subfield>
      <subfield code="b">Puslatbang KMP,</subfield>
      <subfield code="c">2021</subfield>
    </datafield>
    <datafield tag="300" ind1="#" ind2="#">
      <subfield code="a">45 halaman :</subfield>
      <subfield code="b">ilustrasi ;</subfield>
      <subfield code="c">30</subfield>
    </datafield>
    <datafield tag="500" ind1="#" ind2="#">
      <subfield code="a">Coach: Nurwahyudianti,S.S.,M.HRM.IR</subfield>
    </datafield>
    <datafield tag="650" ind1="#" ind2="4">
      <subfield code="a">Proyek Perubahan Adminitrasi Inovasi Pemerintahan Peningkatan Pelayanan Desa Yang Melaksanakan Gerakan Masyarakat Bersih Korupsi Dana Desa</subfield>
    </datafield>
    <datafield tag="856" ind1="#" ind2="#">
      <subfield code="a">Perpustakaan Puslatbang KMP Makassar</subfield>
    </datafield>
  </record>
</collection>
